| 000 | 00000nam 2200000za 4500 |
| 001 | 9.837857 |
| 003 | CaOODSP |
| 005 | 20221107151236 |
| 007 | cr ||||||||||| |
| 008 | 170607s1983 onc #o f000 0 eng d |
| 040 | |aCaOODSP|beng |
| 043 | |an-cn--- |
| 086 | 1 |aR5-240/1983E-PDF |
| 245 | 00|a1984/85 to 1987/88 Indian and Inuit Affairs operational planning |h[electronic resource] : |bproposed action plan to be presented at E.P.C. meeting June 28-30. |
| 246 | 10|aProposed action plan to be presented at E.P.C. meeting June 28-30 |
| 246 | 14|aIndian and Inuit Affairs operational planning : |bproposed action plan |
| 260 | |a[Ottawa?] : |bIndian and Inuit Affairs, Program Planning and Policy Coordination, |c1983. |
| 300 | |a[17] p. |
| 500 | |a"June 1983." |
| 500 | |aDigitized edition from print [produced by Indigenous and Northern Affairs Canada]. |
| 520 | |aProvides a brief review, plan and schedule for various components of the operational plan within the Indian and Inuit Affairs Program between 1984/85-1987/88. |
| 692 | 07|2gccst|aAboriginal affairs |
| 692 | 07|2gccst|aOperations |
| 692 | 07|2gccst|aPlanning |
| 710 | 2 |aIndian and Inuit Affairs Program (Canada). |bProgram Planning and Policy Co-ordination. |
| 710 | 1 |aCanada. |bIndian and Northern Affairs Canada. |
| 856 | 40|qPDF|s721 KB|uhttps://publications.gc.ca/collections/collection_2017/aanc-inac/R5-240-1983-eng.pdf |